Prediction machines : the simple economics of artificial intelligence /
Guardado en:
| Autores Principales: | , , |
|---|---|
| Formato: | Libro |
| Idioma: | English |
| Publicado: |
Boston, Massachusetts :
Harvard Business Review Press,
2018.
|
| Materias: | |
| Etiquetas: |
Agregar Etiqueta
Sin Etiquetas, Sea el primero en etiquetar este registro!
|
| LEADER | 01542cam a22003138i 4500 | ||
|---|---|---|---|
| 001 | EAD.ead004271 | ||
| 008 | 171108s2018####mau######b####001#0#eng#c | ||
| 005 | 20190606160836.0 | ||
| 245 | 1 | 0 | |a Prediction machines : |b the simple economics of artificial intelligence / |c Ajay Agrawal, Joshua Gans, and Avi Goldfarb. |
| 264 | 1 | |a Boston, Massachusetts : |b Harvard Business Review Press, |c 2018. | |
| 300 | |a 250 páginas. ; |c 24 cm. | ||
| 336 | |a text |2 rdacontent | ||
| 337 | |a unmediated |2 rdamedia | ||
| 338 | |a volume |2 rdacarrier | ||
| 500 | |a Incluye notas e índice. | ||
| 505 | 0 | |a Cheap changes everything -- The magic of prediction -- Why it's called intelligence -- Data is the new oil -- The new division of labor -- Unpacking decisions -- The value of judgment -- Taming complexity -- What machines can learn -- Fully automated decision-making -- Deconstructing workflows -- Decomposing decisions -- Job redesign -- AI in the C-suite -- When AI transforms your business -- Managing AI risk -- Beyond business. | |
| 020 | |a 9781633695672 (hardcover : alk. paper) | ||
| 100 | 1 | |a Agrawal, Ajay, |e author. | |
| 700 | 1 | |a Gans, Joshua, |d 1968- |e author. | |
| 700 | 1 | |a Goldfarb, Avi, |e author. | |
| 082 | 0 | 0 | |a 658/.0563 |2 23 |
| 082 | 0 | 4 | |a 658.4038011 |2 21 |
| 650 | 7 | |a Toma de decisiones. |2 unbist | |
| 650 | 7 | |a Inteligencia artificial. |2 unbist | |
| 653 | |a Internet de las cosas | ||
| 010 | |a 2017049211 | ||
| 040 | |a MH/DLC |b eng |e rda |c MH | ||
| 050 | 0 | 0 | |a TA347.A78 |b A385 2018 |
| 859 | |a AR-BaBDC |b BIB. ADMINISTRACION - Libros |h 658.4038011 |i Ag81 |p b06872 | ||
